Bài tập kiểm toán nâng cao
Các bài tập và bài giải kiểm toán nâng cao
সংরক্ষণ করুন:
| প্রধান লেখক: | |
|---|---|
| বিন্যাস: | গ্রন্থ |
| ভাষা: | Undetermined |
| প্রকাশিত: |
Tp. Hồ Chí Minh
Phương Đông
2012
|
| বিষয়গুলি: | |
| ট্যাগগুলো: |
ট্যাগ যুক্ত করুন
কোনো ট্যাগ নেই, প্রথমজন হিসাবে ট্যাগ করুন!
|
| Thư viện lưu trữ: | Trung tâm Học liệu Trường Đại học Cần Thơ |
|---|
| LEADER | 00630nam a2200205Ia 4500 | ||
|---|---|---|---|
| 001 | CTU_180955 | ||
| 008 | 210402s9999 xx 000 0 und d | ||
| 020 | |c 35000 | ||
| 082 | |a 657.45 | ||
| 082 | |b H513 | ||
| 100 | |a Trịnh, Quốc Hùng | ||
| 245 | 0 | |a Bài tập kiểm toán nâng cao | |
| 245 | 0 | |c Trịnh Quốc Hùng | |
| 260 | |a Tp. Hồ Chí Minh | ||
| 260 | |b Phương Đông | ||
| 260 | |c 2012 | ||
| 520 | |a Các bài tập và bài giải kiểm toán nâng cao | ||
| 650 | |a Auditing,Kiểm toán | ||
| 910 | |a Nguyên | ||
| 980 | |a Trung tâm Học liệu Trường Đại học Cần Thơ | ||